| 000 -LEADER |
| fixed length control field |
01171 a2200241 4500 |
| 003 - CONTROL NUMBER IDENTIFIER |
| control field |
Nust |
| 005 - DATE AND TIME OF LATEST TRANSACTION |
| control field |
20230830120713.0 |
| 010 ## - LIBRARY OF CONGRESS CONTROL NUMBER |
| LC control number |
95044158 |
| 020 ## - INTERNATIONAL STANDARD BOOK NUMBER |
| Terms of availability |
0792396596 (hb : acid-free paper) |
| 040 ## - CATALOGING SOURCE |
| Transcribing agency |
Nust |
| 082 00 - DEWEY DECIMAL CLASSIFICATION NUMBER |
| Classification number |
621.3815,HUI |
| 245 00 - TITLE STATEMENT |
| Title |
Analog circuit design. |
| Name of part/section of a work |
MCSLow-noise, low-power, low-voltage, mixed-mode design with CAD tools, voltage, current and time references / |
| Statement of responsibility, etc. |
edited by Johan H. Huijsing, Rudy J. van de Plassche, and Willy M.C. Sansen. |
| 260 ## - PUBLICATION, DISTRIBUTION, ETC. |
| Place of publication, distribution, etc. |
Boston : |
| Name of publisher, distributor, etc. |
Kluwer Academic Publishers, |
| Date of publication, distribution, etc. |
c1996. |
| 300 ## - PHYSICAL DESCRIPTION |
| Extent |
vii, 421 p. : |
| Other physical details |
ill. ; |
| Dimensions |
25 cm. |
| 505 ## - FORMATTED CONTENTS NOTE |
| Formatted contents note |
Part 1:- Low-Noise Low –Power , Low Voltage (Page-1), Part 2:- Mixed-Mode Design with CAD Tools (Page-125), Part 3:- Voltage Current and Time References (Page- 241). |
| 650 #0 - SUBJECT ADDED ENTRY--TOPICAL TERM |
| Topical term or geographic name entry element |
Telecommunication Engineering. |
| 700 1# - ADDED ENTRY--PERSONAL NAME |
| Personal name |
Huijsing, Johan H., |
| Dates associated with a name |
1938- |
| 9 (RLIN) |
96483 |
| 700 1# - ADDED ENTRY--PERSONAL NAME |
| Personal name |
Plassche, Rudy J. van de. |
| 9 (RLIN) |
96484 |
| 700 1# - ADDED ENTRY--PERSONAL NAME |
| Personal name |
Sansen, Willy M. C. |
| 9 (RLIN) |
96485 |
| 856 42 - ELECTRONIC LOCATION AND ACCESS |
| Materials specified |
Publisher description |
| Uniform Resource Identifier |
<a href="http://www.loc.gov/catdir/enhancements/fy0821/95044158-d.html">http://www.loc.gov/catdir/enhancements/fy0821/95044158-d.html</a> |
| 856 42 - ELECTRONIC LOCATION AND ACCESS |
| Materials specified |
Table of contents only |
| Uniform Resource Identifier |
<a href="http://www.loc.gov/catdir/enhancements/fy0821/95044158-t.html">http://www.loc.gov/catdir/enhancements/fy0821/95044158-t.html</a> |
| 942 ## - ADDED ENTRY ELEMENTS (KOHA) |
| Koha item type |
Reference |
| Source of classification or shelving scheme |
|